000 00307nam a22001337a 4500
008 170628b xxu||||| |||| 00| 0 eng d
020 _a9780023796043
041 _aeng
080 _25TH
_a82
100 _a21
101 _aGJL
245 _aANTHOLOGY OF AMERICAN LITERATURE
_cMICHAEL,G.M
942 _2udc
_cBK
999 _c19361
_d19361